00335 a2200109 4500001001000000005001700010008004100027245004900068100001900117773007200136999001700208ART_1193520260410161901.0260409a 10aCost-benefit analisys and project evaluation1 aDiewert, W. E.0 tJournal of public economicsg- Vol. 22, NÂș 3 (dic. 1983)wREV11485 c25957d25957